Knowledge management : Theory and practice

Bibliographic Details
Main Author: Yates, Pearl (Author)
Format: Book
Published: New York, USA : Larsen & Keller 2023
Subjects:

MARC

LEADER 00000cam a2200000 7i4500
001 0000092319
005 20231011104148.0
008 230912 eng
020 |a 9781647263300 (  |q (paperback)) 
040 |e rda 
041 |a English 
090 0 0 |a 658.403   |b KNO 
100 1 |a Yates, Pearl ,   |e (author) 
245 1 0 |a Knowledge management :   |b Theory and practice   |c Pearl Yates 
264 1 |a New York, USA :   |b Larsen & Keller   |c 2023 
300 |a 245 pages :   |b color illustrations ;   |c 26.5 cm. 
336 |a text  |2 rdacontent 
337 |a unmediated  |2 rdamedia 
338 |a volume  |2 rdacarrier 
541 |c Purchased on 2023   |f 230136 TGR   |h RM361.90 
650 0 |a Information technology 
650 0 |a Intellectual capital 
650 0 |a Knowledge management 
650 0 |a Management 
730 0 |a Title 
999 |a 0001734129   |b Book   |c REFERENCE   |e Perbadanan Perpustakaan Awam Johor 
999 |a 0001734600   |b Book   |c REFERENCE   |e Cawangan Tmn. Ungku Tun Aminah